Thuggee : (Record no. 89057)

MARC details
000 -LEADER
fixed length control field 01067nam a22002297a 4500
005 - DATE AND TIME OF LATEST TRANSACTION
control field 20141007110641.0
010 ## - LCCN (DPL NO)
LC control number ENG-110993
020 ## - INTERNATIONAL STANDARD BOOK NUMBER
International Standard Book Number 9789380607764
Terms of availability 995.00
035 ## - SYSTEM CONTROL NUMBER
System control number EN-94525
037 ## - SOURCE OF ACQUISITION
Source of stock number/acquisition DBAD/PUB
082 ## - DEWEY DECIMAL CLASSIFICATION NUMBER
Classification number 364.1095409034
100 ## - MAIN ENTRY--PERSONAL NAME
Personal name Wagner, Kim A.
245 ## - TITLE STATEMENT
Title Thuggee :
Statement of responsibility, etc by Kim A. Wagner
Remainder of title banditry and the British in early nineteenth-century India /
260 ## - PUBLICATION, DISTRIBUTION, ETC. (IMPRINT)
Place of publication, distribution, etc New Delhi
Name of publisher, distributor, etc Primus Books
Date of publication, distribution, etc 2014
270 ## - ADDRESS
Address Virat Bhavan, Mukherjee Nagar Commercial Complex
City New Delhi
Postal code 110009
300 ## - PHYSICAL DESCRIPTION
Extent xxvi;261p. :
Dimensions 24cm(Hb)
Other physical details ill.
500 ## - GENERAL NOTE
General note Based on the author’s dissertation (Ph. D.--University of Cambridge, 2003) entitled: Thuggee and the construction of crime in early 19th century India.
500 ## - GENERAL NOTE
General note Includes bibliographical references and index
650 ## - SUBJECT ADDED ENTRY--TOPICAL TERM
Topical term or geographic name as entry element Thugs (Indic criminal group)
Geographic subdivision India
-- Sindouse Region
General subdivision History
-- Historiography.
Chronological subdivision 19th century
650 ## - SUBJECT ADDED ENTRY--TOPICAL TERM
Topical term or geographic name as entry element Thugs (Indic criminal group)
Geographic subdivision India
-- Sindouse Region
General subdivision History
-- Historiography.
Chronological subdivision 19th century
942 ## - ADDED ENTRY ELEMENTS (KOHA)
Source of classification or shelving scheme Dewey Decimal Classification
Item type English Books
Call number suffix WAG
Classification part 364.1095409034
Holdings
Withdrawn status Lost status Not for loan Collection code Home library Current library Date acquired Source of acquisition Cost, normal purchase price Full call number Barcode Copy number Cost, replacement price Koha item type
    Not For Loan Non-fiction D.B.Act.Division D.B.Act.Division 30/09/2014 DBAD/PUB 995.00 364.1095409034 WAG EN-94525 1 995.00 English Books

© Delhi Public Library
Hit Counter
free hit counter